| 000 | 01284nabaa22002297a 4500 | ||
|---|---|---|---|
| 999 |
_c6203 _d6203 |
||
| 003 | OSt | ||
| 005 | 20260125205518.0 | ||
| 008 | 190701b xxu||||| |||| 00| 0 spa d | ||
| 040 | _cPJ | ||
| 245 | 1 | 0 |
_aModificaciones efectuadas al procedimiento administrativo a partir del dictado de la Ley Bases / _cMaría Teresa Calviño. |
| 300 | _ap. 118-126 | ||
| 500 | _aCita: TR LALEY AR/DOC/2764/2024 | ||
| 505 | _aSumario: I. Introducción.— II. Reforma integral a la ley 19.549.— III. Cuestiones de competencia.— IV. Requisitos esenciales del acto administrativo.— V. Revocación de actos administrativos.— VI. Derogación del acto de alcance general.— VII. Saneamiento del acto administrativo.— VIII. Prescripción.— IX. Impugnación judicial de actos administrativos.— X. Conclusión. | ||
| 505 | _t¿Te interesa el texto completo? Comunicate al correo: koha@justierradelfuego.gov.ar | ||
| 650 | 0 |
_9211 _aDERECHO ADMINISTRATIVO |
|
| 650 | 0 |
_93177 _aREFORMA DEL ESTADO |
|
| 650 | 0 |
_91135 _aPROCEDIMIENTO ADMINISTRATIVO |
|
| 650 | 0 |
_91171 _aACTO ADMINISTRATIVO |
|
| 700 |
_96893 _aCalviño, María Teresa |
||
| 773 | 0 |
_02842 _93251 _dBuenos Aires : AbeledoPerrot, 2012- _oDA121 _tDerecho administrativo. Nº 156 noviembre/diciembre 2024 _z18510590 |
|
| 942 |
_2udc _cANA |
||